Quick Pick: Dickens Novels Quiz Stats

Quiz Updated Jun 6, 2016

Challenge
Share
Tweet
Embed
Score 0/15 Timer 01:00
2 Plays Today
% Correct
Oliver
97.3%
Tale
97.1%
Great
96.9%
Copperfield
96.2%
Times
93.7%
Friend
92.6%
Papers
89.9%
Nickleby
88.9%
% Correct
Curiosity
86.7%
Bleak
80.9%
Edwin
68.3%
Dorrit
67.1%
Barnaby
62.3%
Martin
57.2%
Dombey
52.5%

Today's Daily Dose

Missing Word
For Dummies Books

Word Ladder
Ariana Grande

Quick Pick
1970s Authors

On This Day
June 21st II

You're not logged in!

Compare scores with friends on all Sporcle quizzes.
Join for Free
OR
Log In

You Might Also Like...

Show Comments

Extras

Top Quizzes Today


Score Distribution

Your Account Isn't Verified!

In order to create a playlist on Sporcle, you need to verify the email address you used during registration. Go to your Sporcle Settings to finish the process.

Report this User

Report this user for behavior that violates our Community Guidelines.

Details: